000 00752nmm a2200241Ia 4500
008 251105s9999||||xx |||||||||||||||||und||
020 _a9788481697643
041 _aspa
100 _aCalero de los Ríos , Antonio
245 0 _a10 palabras clave sobre la Iglesia
264 _a[Madrid, España] :
_bEditorial Verbo Divino,
_c2007
300 _a378 páginas
490 _a10 palabras clave
650 _aReligion(s)
700 _aCalero de los Ríos , Antonio
700 1 _a Camacho Acosta, Fernando
700 1 _a Castillo Sanchez, José María
700 1 _a Estrada Díaz, Juan Antonio
700 1 _a Parra , Alberto
700 1 _a Torres Queiruga, Andrés
856 _uhttps://public.digitaliapublishing.com/a/20683
942 _cCF
999 _c63329
_d63329